Trustee Act 2000 (Record no. 65975)

MARC details
000 -LEADER
fixed length control field 00946cam a2200265 4500
001 - CONTROL NUMBER
control field ABS63452
008 - FIXED-LENGTH DATA ELEMENTS--GENERAL INFORMATION
fixed length control field 000000n2001 000 0 eng u
035 ## - SYSTEM CONTROL NUMBER
System control number (Sirsi) u110704
100 ## - MAIN ENTRY--PERSONAL NAME
Personal name Dearle, J.
245 ## - TITLE STATEMENT
Title Trustee Act 2000
260 ## - PUBLICATION, DISTRIBUTION, ETC.
Date of publication, distribution, etc. 2001
490 ## - SERIES STATEMENT
Series statement Solicitors' Journal
Volume/sequential designation 145(2) 19 January 2001, 32-33(2)
520 ## - SUMMARY, ETC.
Summary, etc. An overview of the provisions of the Trustee Act 2000, which came into effect on 1 February 2001. Discusses the practical implications of: the duty of care imposed by the Act; the new general power of investment; the new general power for acquisition of land; the delegation of trustees' powers; and the remuneration of trustees.
590 ## - LOCAL NOTE (RLIN)
Local note ABS
650 ## - SUBJECT ADDED ENTRY--TOPICAL TERM
Topical term or geographic name entry element ACQUISITION OF LAND
650 ## - SUBJECT ADDED ENTRY--TOPICAL TERM
Topical term or geographic name entry element DELEGATION
650 ## - SUBJECT ADDED ENTRY--TOPICAL TERM
Topical term or geographic name entry element DUTY OF CARE
650 ## - SUBJECT ADDED ENTRY--TOPICAL TERM
Topical term or geographic name entry element REMUNERATION
650 ## - SUBJECT ADDED ENTRY--TOPICAL TERM
Topical term or geographic name entry element TRUST FUNDS
650 ## - SUBJECT ADDED ENTRY--TOPICAL TERM
Topical term or geographic name entry element TRUSTEES
650 ## - SUBJECT ADDED ENTRY--TOPICAL TERM
Topical term or geographic name entry element TRUSTS
650 ## - SUBJECT ADDED ENTRY--TOPICAL TERM
Topical term or geographic name entry element TRUSTEE ACT 2000
690 ## - LOCAL SUBJECT ADDED ENTRY--TOPICAL TERM (OCLC, RLIN)
Topical term or geographic name as entry element LAW
942 ## - ADDED ENTRY ELEMENTS (KOHA)
Suppress in OPAC 0
Holdings
Withdrawn status Lost status Source of classification or shelving scheme Damaged status Not for loan Home library Current library Shelving location Date acquired Total Checkouts Full call number Barcode Date last seen Copy number Price effective from Koha item type
    Dewey Decimal Classification     London London Journal article 01/02/2001   ABS63452 110704-1001 06/08/2019 1 06/08/2019 Journal article